<?xml version="1.0" encoding="UTF-8"?>
<marc:record xmlns:marc="http://www.loc.gov/MARC21/slim">
   <marc:leader>00000nam a2200000 a 4500</marc:leader>
   <marc:datafield ind1="1" ind2=" " tag="100">
      <marc:subfield code="a">Lucas, Lilly</marc:subfield>
      <marc:subfield code="4">aut</marc:subfield>
      <marc:subfield code="e">Verfasser/-in</marc:subfield>
   </marc:datafield>
   <marc:datafield ind1="0" ind2="0" tag="245">
      <marc:subfield code="a">A Place to Grow</marc:subfield>
   </marc:datafield>
   <marc:datafield ind1="0" ind2="0" tag="245">
      <marc:subfield code="b">Roman</marc:subfield>
   </marc:datafield>
   <marc:datafield ind1="0" ind2="0" tag="245">
      <marc:subfield code="c">Lucas, Lilly</marc:subfield>
   </marc:datafield>
   <marc:datafield ind1=" " ind2="1" tag="264">
      <marc:subfield code="a">München</marc:subfield>
      <marc:subfield code="b">Knaur Taschenbuch</marc:subfield>
      <marc:subfield code="c">2022</marc:subfield>
   </marc:datafield>
   <marc:datafield ind1="1" ind2=" " tag="490">
      <marc:subfield code="a">Cherry Hill</marc:subfield>
      <marc:subfield code="v">2</marc:subfield>
   </marc:datafield>
   <marc:datafield ind1=" " ind2=" " tag="250">
      <marc:subfield code="a">1. Auflage</marc:subfield>
   </marc:datafield>
   <marc:datafield ind1="1" ind2=" " tag="520">
      <marc:subfield code="a">Angaben aus der Verlagsmeldung&#xD;
&#xD;
A Place to Grow : Roman Lucas, A Place to Grow / von Lilly Lucas&#xD;
&#xD;
From Enemies to Lovers&#xD;
&#xD;
In »A Place to Grow«, dem 2. New-Adult-Roman der Reihe »Cherry Hill« von Bestseller-Autorin Lilly Lucas, gerät Lilac McCarthy mit ihrem attraktiven Erzrivalen aneinander.&#xD;
&#xD;
Für Lilac McCarthy (23) ist Cherry Hill, die Obstfarm ihrer Familie, der schönste Platz auf Erden. Sie liebt ihren kleinen Farmladen, in dem sie Selbstgemachtes verkauft, und natürlich das jährliche Peach Festival, das sie als Vorsitzende des Veranstaltungskomitees hingebungsvoll organisiert.&#xD;
Doch dieses Jahr droht alles anders zu werden: Bo Radisson, der Erbe der anderen großen Obstfarm, ist nach seinem Auslandsstudium zurück in der Stadt. Bo ist Lilacs Erzrivale seit Highschool-Zeiten  und er hat große Pläne für das Peach Festival, dessen Vorsitz er übernehmen möchte.&#xD;
Es dauert nicht lang, bis Bo und Lilac kräftig aneinander geraten und Lilac zugeben muss, dass Bo nicht nur ein überheblicher, sondern ein verdammt attraktiver Idiot ist &#xD;
&#xD;
Mit der Obstfarm Cherry Hill im ländlichen Colorado hat Bestseller-Autorin Lilly Lucas (»Green Valley Love«-Reihe) wieder ein zauberhaftes Setting geschaffen, in dem man sich sofort zu Hause fühlt. In jedem Liebesroman der New-Adult-Reihe steht eine der McCarthy-Schwestern im Mittelpunkt. In Teil 1, »A Place to Love«, ist es die älteste Schwester June McCarthy.</marc:subfield>
   </marc:datafield>
   <marc:datafield ind1=" " ind2=" " tag="020">
      <marc:subfield code="a">9783426528624</marc:subfield>
      <marc:subfield code="9">9783426528624</marc:subfield>
   </marc:datafield>
   <marc:datafield ind1=" " ind2=" " tag="020">
      <marc:subfield code="a">3426528622</marc:subfield>
      <marc:subfield code="9">3426528622</marc:subfield>
   </marc:datafield>
   <marc:datafield ind1=" " ind2=" " tag="041">
      <marc:subfield code="a">ger</marc:subfield>
   </marc:datafield>
   <marc:datafield ind1="0" ind2=" " tag="490">
      <marc:subfield code="v">2</marc:subfield>
   </marc:datafield>
   <marc:datafield ind1=" " ind2=" " tag="338">
      <marc:subfield code="a">Band</marc:subfield>
   </marc:datafield>
   <marc:datafield ind1=" " ind2=" " tag="300">
      <marc:subfield code="a">350 Seiten</marc:subfield>
   </marc:datafield>
</marc:record>
